000 00276nam a22001097a 4500
082 _a823
_bCAR/S
100 _aCARRATH, JAIN
245 _aSNOW WHITE& THE SEVEN DWARF
246 _aSNOW WHITE& THE SEVEN DWARF
_bSNOW WHITE& THE SEVEN DWARF
650 _aENGLISH STORY
942 _cBK
999 _c8801
_d8801